000 00938nam a2200229Ia 4500
003 Ost
005 20260507074911.0
008 260507s9999||||xx |||||||||||||| ||und||
040 _cfsecg
041 _aara
082 _a330.12
100 _aجريجوري، بول
_eمؤلف
245 0 _aالنظم الإقتصادية المقارنة /
_c بول جريجوري
260 _aالرياض:
_bدار المريخ للنشر,
_c1994
300 _a765 صفحة؛
_bإيضاحات ؛
_c25 سم
504 _aببليوغرافيا: ص.762
520 _aنظم اقتصادية، النظم الإقتصادية في الواقع، العلاقات المتبادلة والأداء ومستقبل النظم الإقتصادية
653 _aالنظم الإقتصادية
700 _a منصور، طه عبد الله
_eمؤلف ثانوي
700 _aروبرت ستيوارت
_eمؤلف ثانوي
942 _cكتاب
999 _c41738
_d41738